Ibsen in the decolonised South Asian theatre /

"This book maps South Asian theatre productions that have contextualised Ibsen's plays to underscore the emergent challenges of postcolonial nation formation. The concerns addressed in this collection include politico-cultural engagements with human rights, economic and environmental issue...

Full description

Bibliographic Details
Other Authors: Huq, Sabiha (Editor), Mukherjee, Srideep (Editor)
Format: Book
Language:English
Published: Abingdon, Oxon ; New York, NY : Routledge, c2024.
Series:Routledge advances in theatre & performance studies
Subjects:
Related Items:Online version: Ibsen in the decolonised South Asian theatre
Classic Catalogue: View this record in Classic Catalogue
LEADER 04709nam a22004458i 4500
001 45366
003 BD-DhAAL
005 20260224124038.0
008 260223t2023 enk b 001 0 eng
010 |a  2023025602 
020 |a 9781032182063 
020 |a 9781032182087 
020 |a 9781003253433 
035 |a 23193174 
040 |a LBSOR  |b eng  |e rda  |c LBSOR  |d DLC  |d BD-DhAAL 
042 |a pcc 
043 |a az----- 
050 0 0 |a PT8899  |b .I27 2023 
082 0 0 |a 839.8226  |2 23 
245 0 0 |a Ibsen in the decolonised South Asian theatre /  |c Sabiha Huq and Srideep Mukherjee. 
260 |a Abingdon, Oxon ;  |a New York, NY :  |b Routledge,  |c c2024. 
300 |a 244 pages :  |b illustrations (black and white) ;  |c 24 cm 
490 0 |a Routledge advances in theatre & performance studies 
504 |a Includes bibliographical references and index. 
505 0 |a Post-colonial theatre and Ibsen productions in Pakistan : a historical overview / Asghar Nadeem Syed -- Intercultural assimilation of contraries in postcolonial South Asia : fluctuating movement of Ibsen's corpus / Kamaluddin Nilu -- Constructing a new identity space for women in post-colony : Sambhu Mitra's production of A Doll's House / Ahmed Ahsanuzzaman -- Women's movement in Pakistan : Tehrik-e-Niswan's A Doll's House in Urdu / Ishrat Lindblad -- Nora and the politics of gender in the postcolonial performance space in Sri Lanka / Kanchuka Dharmasiri & K Rathitharan -- Has the Indian 'doll' really evolved? : A Doll's House on decolonised Indian Stage(s) / Srideep Mukherjee -- Middle class liberal values and the Bangladeshi national imaginary : Ibsen's Ghosts Reconfigured / Manosh Chowdhury -- By means of Ibsen : theatre amidst rising fanaticism in post-partition India and Bangladesh / Sabiha Huq -- Kamaluddin Nilu's Three 'Peer's : Relocating Henrik Ibsen's Peer Gynt in South Asian contemporaneity / Imran Kamal -- Unheard voices & refracted essence : Bangla Adaptations of An Enemy of the People and The Pillars of Society / Tapati Gupta -- A Doll's House in Nepal : rationalising the appropriation of Putaliko Ghar / Menuka Gurung -- Peer Ghani and Peechha Karti Parchhaiyan : negotiating adaptation and appropriation / Astri Ghosh. 
520 |a "This book maps South Asian theatre productions that have contextualised Ibsen's plays to underscore the emergent challenges of postcolonial nation formation. The concerns addressed in this collection include politico-cultural engagements with human rights, economic and environmental issues, and globalization, all of which have evolved through colonial times and thereafter. This book contemplates why and how these Ibsen texts were repeatedly adapted for the stage, and consequently to reflect upon the political intent of this appropriative journey of the foreign playwright. This book tracks the unmapped agency that South Asian theatre has acquired through aesthetic appropriation of Ibsen, and thereby contributes to his global reception. This collection will be of great interest to students and scholars of theatre and performance studies"-- 
526 8 |a ENH  |x Sabiha Huq, PhD Professor Department of English and Humanities BRAC University Course Name and No. : Thesis (ENG 698), Dissertations (ENG 466) 
541 1 |a Hye Trade International  |e 45366, 45367 
600 1 0 |a Ibsen, Henrik,  |d 1828-1906  |x Dramatic production.  |9 60308 
600 1 0 |a Ibsen, Henrik,  |d 1828-1906  |x Stage history  |z South Asia.  |9 60309 
600 1 0 |a Ibsen, Henrik,  |d 1828-1906  |x Appreciation  |z South Asia.  |9 60310 
650 0 |a Theater and globalization  |z South Asia.  |9 60311 
700 1 |a Huq, Sabiha,  |e editor.  |9 60312 
700 1 |a Mukherjee, Srideep,  |e editor.  |9 60313 
776 0 8 |i Online version:  |t Ibsen in the decolonised South Asian theatre  |d Abingdon, Oxon ; New York, NY : Routledge, 2023  |z 9781003253433  |w (DLC) 2023025603 
830 |a Routledge advances in theatre & performance studies  |9 60314 
942 |2 ddc  |c BK 
999 |c 47727  |d 47727 
952 |0 0  |1 0  |2 ddc  |4 0  |6 839_822600000000000_IBS  |7 0  |9 78789  |a BRACUL  |b BRACUL  |c GEN  |d 2026-01-29  |e Hye Trade International  |g 4039.00  |l 0  |o 839.8226 IBS  |p 3010045367  |r 2026-01-29  |t 2  |v 8078.00  |w 2026-01-29  |y BK  |x Requisitioned by Sabiha Huq (Professor, Department of English and Humanities, BRAC University) for the course named- Thesis ‘’(ENG 698)’’, Dissertations ‘’(ENG 466)’ 
952 |0 0  |1 0  |2 ddc  |4 0  |6 839_822600000000000_IBS  |7 0  |9 78790  |a BRACUL  |b BRACUL  |c NEW  |d 2026-01-29  |e Hye Trade International  |g 4039.00  |l 0  |o 839.8226 IBS  |p 3010045366  |r 2026-01-29  |t 1  |v 8078.00  |w 2026-01-29  |y BK  |x Requisitioned by Sabiha Huq (Professor, Department of English and Humanities, BRAC University) for the course named- Thesis ‘’(ENG 698)’’, Dissertations ‘’(ENG 466)’